Nejlepší praxe a trendy Executive search
Executive search ako nová kvalita služieb pri vyhľadávaní nových vrcholových manažérov a špecialistov. Z histórie executive search. Globálne trendy na trhu executive search. Zovšeobecnenie podmienok a postupu najlepších firiem poskytujúcich executive search. Obmedzenie rizika pri výbere manažéra met...
Salvato in:
| Autore principale: | |
|---|---|
| Natura: | Capitolo di libro |
| Lingua: | ceco |
| Soggetti: | |
| Tags: |
Nessun Tag, puoi essere il primo ad aggiungerne!!
|
MARC
| LEADER | 00000naa a2200000 4500 | ||
|---|---|---|---|
| 001 | r043596 | ||
| 005 | 20231002103544.0 | ||
| 041 | 0 | |a cze | |
| 044 | |a CZ | ||
| 245 | 1 | 0 | |a Nejlepší praxe a trendy Executive search |c Karel Pobuda |
| 520 | |a Executive search ako nová kvalita služieb pri vyhľadávaní nových vrcholových manažérov a špecialistov. Z histórie executive search. Globálne trendy na trhu executive search. Zovšeobecnenie podmienok a postupu najlepších firiem poskytujúcich executive search. Obmedzenie rizika pri výbere manažéra metódou executive search. | ||
| 610 | 2 | 0 | |a výber pracovníkov |
| 610 | 2 | 0 | |a služby |
| 610 | 2 | 0 | |a podnikatelia |
| 610 | 2 | 0 | |a manažéri |
| 610 | 2 | 0 | |a firmy |
| 610 | 2 | 0 | |a história |
| 610 | 2 | 0 | |a USA |
| 610 | 2 | 0 | |a tímy pracovné |
| 100 | 1 | |a Pobuda, Karel | |